| 000 | 01760pam a2200361 a 4500 | ||
|---|---|---|---|
| 001 | designinghomeint00hami | ||
| 003 | CaSfIA | ||
| 005 | 20210118001743.0 | ||
| 007 | cr|||| | ||
| 008 | 860523s1986 mnua 000 0 eng | ||
| 035 | _9(DLC) 86013682 | ||
| 856 | 4 | 1 |
_uhttp://www.archive.org/details/designinghomeint00hami _zFree eBook from the Internet Archive |
| 856 | 4 | 2 |
_uhttp://www.openlibrary.org/books/OL2720277M _zAdditional information and access via Open Library |
| 010 | _a 86013682 | ||
| 020 |
_a0808769375 (pbk.) : _c$16.95 (est.) |
||
| 040 |
_aDLC _cDLC _dDLC _dCaSfIA |
||
| 050 | 0 | 0 |
_aNK2116.4 _b.H35 1986 |
| 082 | 0 | 0 |
_a728 _219 |
| 100 | 1 | _aHamilton, Judy. | |
| 245 | 1 | 0 |
_aDesigning home interiors : _h[electronic resource] _ba study guide. |
| 250 |
_a2nd ed. / _brevised by Judy Hamilton. |
||
| 260 |
_a[Minneapolis, Minn.] : _bBellwether Press, _cc1986. |
||
| 300 |
_aviii, 166 p. : _bill. ; _c28 cm. |
||
| 500 | _a"Coast Community College District, Costa Mesa, California [and] Rnacho Santiago Community College District, Santa Ana, California." | ||
| 500 | _aRev. ed. of: Designing home interiors / Winifred Yablonski and Carolyn Breeden. c1978. | ||
| 650 | 0 |
_aInterior decoration _xStudy and teaching. |
|
| 700 | 1 |
_aYablonski, Winifred, _d1941- _tDesigning home interiors. |
|
| 710 | 2 | _aCoast Community College District. | |
| 710 | 2 | _aRancho Santiago Community College District. | |
| 942 | _cEB | ||
| 506 | _fНеобхідна авторизація на https://archive.org/ (створення облікового запису безкоштовно) | ||
| 506 | _fНеобхідна авторизація на https://openlibrary.org/ (створення облікового запису безкоштовно) | ||
| 999 |
_c487955 _d487955 |
||